|
|
|
|
| LEADER |
02947nam a2200649 4500 |
| 001 |
ocn907931438 |
| 003 |
OCoLC |
| 005 |
20170124065934.2 |
| 006 |
m o d |
| 007 |
cr ||||||||||| |
| 008 |
150421s2016 iau ob 001 0 eng |
| 010 |
|
|
|a 2015016141
|
| 040 |
|
|
|a DLC
|b eng
|e rda
|c DLC
|d N$T
|d EBLCP
|d DG1
|d DEBSZ
|d YDXCP
|d COO
|d OCLCF
|d OCLCO
|d OCLCQ
|d IDEBK
|d CDX
|d OCLCQ
|d DEBBG
|d KSU
|d GrThAP
|
| 019 |
|
|
|a 914150311
|a 921189048
|a 923517038
|
| 020 |
|
|
|a 9781118828113 (pdf)
|
| 020 |
|
|
|a 1118828119 (pdf)
|
| 020 |
|
|
|a 9781118828229 (epub)
|
| 020 |
|
|
|a 1118828224 (epub)
|
| 020 |
|
|
|z 9781118828090 (cloth)
|
| 020 |
|
|
|a 9781118828007
|
| 020 |
|
|
|a 1118828003
|
| 020 |
|
|
|z 1118828097 (cloth)
|
| 029 |
1 |
|
|a DEBSZ
|b 442872038
|
| 029 |
1 |
|
|a GBVCP
|b 863147380
|
| 029 |
1 |
|
|a DEBBG
|b BV043397734
|
| 035 |
|
|
|a (OCoLC)907931438
|z (OCoLC)914150311
|z (OCoLC)921189048
|z (OCoLC)923517038
|
| 042 |
|
|
|a pcc
|
| 050 |
0 |
0 |
|a SF994
|
| 060 |
1 |
0 |
|a SF 994
|
| 072 |
|
7 |
|a TEC
|x 003020
|2 bisacsh
|
| 082 |
0 |
0 |
|a 636.5/0896
|2 23
|
| 049 |
|
|
|a MAIN
|
| 100 |
1 |
|
|a Schmidt, Robert E.
|q (Robert Eugene),
|d 1939-
|e author.
|
| 245 |
1 |
0 |
|a Pathology of pet and aviary birds /
|c Robert E. Schmidt, DVM, PhD, Zoo/Exotic Pathology Service, Citrus Heights, California, Drury R. Reavill, DVM, Zoo/Exotic Pathology Service, Citrus Heights, California, David N. Phalen, DVM, PhD, Faculty of Veterinary Science, University of Sydney, Australia.
|
| 250 |
|
|
|a 2nd edition.
|
| 264 |
|
1 |
|a Ames, Iowa :
|a Chichester, West Sussex, UK
|b John Wiley and Sons, Inc.,
|c 2016.
|
| 300 |
|
|
|a 1 online resource.
|
| 336 |
|
|
|a text
|2 rdacontent
|
| 337 |
|
|
|a computer
|2 rdamedia
|
| 338 |
|
|
|a online resource
|2 rdacarrier
|
| 504 |
|
|
|a Includes bibliographical references and index.
|
| 505 |
0 |
|
|a Cardiovascular system -- Respiratory system -- Gastrointestinal system and pancreas -- Liver -- Urinary system -- Reproductive system -- Endocrine system -- Lymphatic and hematopoietic system -- Musculoskeletal system -- Nervous system -- Integument -- Special sense organs -- Peritoneum and mesenteries.
|
| 588 |
|
|
|a Description based on print version record and CIP data provided by publisher.
|
| 650 |
|
0 |
|a Birds
|x Diseases.
|
| 650 |
|
7 |
|a TECHNOLOGY & ENGINEERING / Agriculture / Animal Husbandry
|2 bisacsh
|
| 650 |
|
4 |
|a Bird diseases -- Pathology.
|
| 650 |
|
4 |
|a Birds -- Diseases.
|
| 650 |
|
4 |
|a Birds.
|
| 650 |
|
7 |
|a Birds
|x Diseases.
|2 fast
|0 (OCoLC)fst00832990
|
| 650 |
|
2 |
|a Bird Diseases
|x pathology.
|
| 655 |
|
4 |
|a Electronic books.
|
| 655 |
|
0 |
|a Electronic books.
|
| 700 |
1 |
|
|a Reavill, Drury R.,
|e author.
|
| 700 |
1 |
|
|a Phalen, David N.,
|e author.
|
| 776 |
0 |
8 |
|i Print version:
|a Schmidt, Robert E. (Robert Eugene), 1939- , author.
|t Pathology of pet and aviary birds
|b 2nd edition.
|d Ames, Iowa : John Wiley and Sons, Inc., 2016
|z 9781118828090
|w (DLC) 2015014448
|
| 856 |
4 |
0 |
|u https://doi.org/10.1002/9781118828007
|z Full Text via HEAL-Link
|
| 994 |
|
|
|a 92
|b DG1
|